Les vendredis de Carpentras : faire son marche en Provence ou ailleurs

Αποθηκεύτηκε σε:
Λεπτομέρειες βιβλιογραφικής εγγραφής
Κύριος συγγραφέας: La Pradelle, Michele de
Μορφή: Βιβλίο
Γλώσσα:French
Δημοσίευση: Paris : Fayard, c1996
Θέματα:
Ετικέτες: Προσθήκη ετικέτας
Δεν υπάρχουν, Καταχωρήστε ετικέτα πρώτοι!

MARC

LEADER 00000nam a2200000 i 4500
001 1/2396
008 000430s1996 fre d
020 |a 2213595909 
035 |l 10060401 
040 |a GR-MY-UA  |b gre  |e aacr 
041 0 |a fre 
082 0 |a 394.60944 
100 1 |a La Pradelle, Michele de. 
245 1 4 |a Les vendredis de Carpentras :  |b faire son marche en Provence ou ailleurs /  |c Michele de La Pradelle 
260 |a Paris :   |b Fayard,   |c c1996 
300 |a 374 p.;  |b 1 map;  |c 24 cm. 
504 |a Includes bibliographical references 
650 0 0 |a Markets  |z France  |z Carpentras  |x Social aspects. 
650 0 0 |a Fairs  |z France  |z Carpentras  |x Social aspects. 
651 0 |a Carpentras (France)  |x Commerce  |x Social aspects. 
651 0 |a Carpentras (France)  |x Economic conditions. 
852 |a INST  |b LESVOS  |e 20000430  |h 394.60944 PRA  |p 005100024050  |q 005100024050  |t BK  |y 0 
901 |a BIBL1-2000-2 
909 |a Λ  |b 060121 
922 |a 1ΕΛΗ  |b 199810  |c ΚΠΣ/ΤΚΑ  |d ΠΑΠΑΣΩΤΗΡΙΟΥ 
950 |a 117-1998-07-08 
970 |z 2000/04/ΜΙΧΑΗΛΙΔΟΥ ΑΝΝΑ